Las Finanzas municipales en el estado de las autonomías : estudios y propuestas : jornadas de estudio celebradas en el Palacio de Congresos de Barcelona los días 21 y 22 de mayo de 1984 / Josep M. Bricall [et al.] estudios y propuestas :
ISBN:
84-505-1593-9
Descripción Física:
178 p. ; 24 cm
Colección:
Biblioteca Prat de la Riba ; 2
Otros Autores:
Bricall, Josep M. (Josep Maria), 1936-
MARC
| LEADER | 00000nam a2200000Ia 4500 | ||
|---|---|---|---|
| 001 | 17075 | ||
| 008 | 160829s1985 xx 000 0 cat d | ||
| 020 | |a 84-505-1593-9 | ||
| 080 | |a M-5-121 | ||
| 245 | |a Las Finanzas municipales en el estado de las autonomías : |b estudios y propuestas : |b jornadas de estudio celebradas en el Palacio de Congresos de Barcelona los días 21 y 22 de mayo de 1984 / Josep M. Bricall [et al.] | ||
| 260 | |a Barcelona : |b Diputació de Barcelona. Centre d'Estudis de Planificació, |c 1985 | ||
| 300 | |a 178 p. ; |c 24 cm | ||
| 490 | |a Biblioteca Prat de la Riba ; 2 | ||
| 650 | 0 | |a Municipis |x Govern i administració |9 22275 | |
| 650 | 0 | |a Finances municipals |9 22579 | |
| 700 | 1 | |a Bricall, Josep M. |q (Josep Maria), |d 1936- |9 32930 | |
| 901 | |a Arxiu | ||
| 942 | |n 1 | ||
| 952 | |0 0 |1 0 |4 0 |6 M5121 |7 1 |9 46148 |a Arxiu |b Arxiu |d 2016-12-01 |l 0 |o M-5-121 |p 17075 |r 2016-12-01 00:00:00 |w 2016-12-01 |y ARXIU | ||
| 999 | |c 49650 |d 49650 | ||